• 首页
  • 本馆介绍
  • 公告通知
  • 最新文献
  • 馆藏检索
  • 电子资源
  • 读者导购
  • 参考咨询
  • 我的图书馆
  • 登录
  • 详细信息显示
  • 放入我的书架
  • 预约/预借图书
  • 作者相关作品
  • 分类相关作品
  • 丛书相关作品
  • 出版社相关作品

书目信息

  • 表格格式
  • 工作单格式
  • 卡片格式
题名:
地形测量学
    
 
作者: 李金如 毛启麟 章学信
分册:  
出版信息: 北京   地质出版社  1998
页数: 318页
开本: 26cm
丛书名: 中等专业学校地质矿产类规划教材
单 册:
中图分类: P217
科图分类:
主题词: 普通测量学 , 地形测量学
电子资源:
ISBN: 7-116-01191-9
000 00720nam0 2200229 450
001 0736196517
005 20070924100316.51
010    @a7-116-01191-9@d¥15.60
100    @a20070924d km y0chiy0120 ea
101 0  @achi
200 1  @a地形测量学@Adi xing ce liang xue@f李金如 毛启麟 章学信@Fli jin ru mao qi lin zhang xue xin
205    @a修订本
210    @a北京@c地质出版社@d1998
215    @a318页@c插图@d26cm
225 2  @a中等专业学校地质矿产类规划教材
410  0 @12001 @a中等专业学校地质矿产类规划教材
606 0  @a普通测量学
606 0  @a地形测量学
690    @aP217@v3
701  0 @a李金如 毛启麟 章学信@Ali jin ru mao qi lin zhang xue xin
801  0 @aCN@bPFT@c20070924
905    @a213230@dP217@eZY15=2@f1
    
    地形测量学/李金如 毛启麟 章学信.-修订本.-北京:地质出版社,1998
    318页:插图;26cm.-(中等专业学校地质矿产类规划教材)
    
    
    ISBN 7-116-01191-9:¥15.60
    
●
相关链接 在E读中查询图书 在五车中查询图书 在当当中查询图书 在豆瓣中查询图书


正题名:地形测量学     索取号:P217/ZY15=2         预约/预借

序号 登录号 条形码 馆藏地/架位号 状态 备注
1 7900728   279007281   资源管理系资料室/ [索取号:P217/ZY15=2] 在馆    
唐山师范学院图书馆 欢迎您!
大连网信软件有限公司© 版权所有